| Поле | Инд. | ПП | Название | Значение |
|---|---|---|---|---|
| Тип записи | a | |||
| Библиографический уровень | b | |||
| 001 | Контрольный номер | 14451644eb234c5cb49fffd11cf1d981 | ||
| 005 | Дата корректировки | 20200626094154.9 | ||
| 008 | Кодируемые данные | 20170331 | ||
| 040 | b | Код языка каталог. | rus | |
| e | Правила каталог. | PSBO | ||
| 041 | 0_ | a | Код языка текста | rus |
| 084 | a | Индекс другой классификации/Индекс ББК | 67.400.8(2Рос); 67.408.1(2Рос) | |
| 100 | 1_ | a | Автор | Гетманская О. Ю. |
| 245 | 10 | a | Заглавие | Судимость кандидата на выборную должность как основание наступления конституционно- процессуальной ответственности: проблемы теории и практики |
| 520 | 0_ | a | Аннотация | В статье исследованы теоретические и практические проблемы применения мер конституционно-процессуальной ответственности к кандидатам на выборные должности, не соблюдающим требования электорального законодательства в части предоставления сведений об имеющейся или имевшейся судимости. Представлен анализ дифференциации содержания уголовно-правовых и конституционно-правовых последствий снятой либо погашенной судимости на примере позиций высших судебных инстанций. Также исследована проблема оценки избирательными комиссиями полноты представляемой кандидатами информации об имеющейся либо имевшейся судимости в отсутствие понятия «сокрытие сведений о судимости» и предложены пути разрешения данной проблемы. Выявлены пробелы правового регулирования в части необходимых действий государственных органов при выявлении факта сокрытия кандидатом сведений о судимости как на этапах избирательной кампании, так и после ее завершения, предложены пути их урегулирования. Исследован вопрос надлежащей оценки и сопоставления избирательной комиссией преступлений по Уголовному кодексу Российской Федерации и закону иного государства. Дополнительно проведен теоретический анализ размеров сроков ограничения пассивного избирательного права для лиц, имевших судимость, и обоснованы причины установленного законодателем ценза |
| 650 | 14 | a | Основная рубрика | право; избирательное право; конституционное право (государственное право); уголовное право |
| 653 | 0_ | a | Ключевые слова | злоупотребление правом |
| a | Ключевые слова | избирательный процесс | ||
| a | Ключевые слова | квалификация преступлений | ||
| a | Ключевые слова | конституционно-процессуальная ответственность | ||
| a | Ключевые слова | ограничение избирательных прав | ||
| a | Ключевые слова | пассивное избирательное право | ||
| a | Ключевые слова | правовое регулирование | ||
| a | Ключевые слова | Россия | ||
| a | Ключевые слова | сведения о судимости | ||
| a | Ключевые слова | сокрытие сведений о судимости | ||
| a | Ключевые слова | судимость | ||
| a | Ключевые слова | уголовные преступления | ||
| a | Ключевые слова | Уголовный кодекс РФ | ||
| 773 | 08 | t | Заглавие источника | Российская юстиция |
| d | Дата издания источника | 2020 | ||
| g | Прочая информация | № 3. - С. 64 - 69 | ||
| w | Контрольный № источника | e7466aa06b2540358281e2135db0f8ff | ||
| 901 | t | Тип документа | b |